| 000 | 00371 a2200157 4500 | ||
|---|---|---|---|
| 001 | 152656 | ||
| 040 | _cEscola São Tomás de Aquino | ||
| 100 | _aTELLES, Carlos Queiroz | ||
| 240 | 1 | 0 |
_aSete faces da primeira vez _lpor |
| 245 | 1 | 0 | _aSete faces da primeira vez |
| 300 | _a119 | ||
| 362 | 0 | _a1992 | |
| 440 | 1 | _aModerna | |
| 697 | _a*LITERATURA JUVENIL | ||
| 942 | _cBK | ||
| 999 |
_c152656 _d152656 |
||